000 00814nam a2200241 a 4500
001 000009922
005 20240530073931.0
008 091002t2004 dr a r 001 p spa d
020 _a9945000306
040 _aDO-SdBNP
_bspa
_cBNPHU
082 _aRD861.44
_bC577p
100 1 _aCiprián, Rafael,
_d1959-
_9839
245 1 0 _aPoemas del silencio :
_b(haikus) /
_cRafael Ciprián.
260 _aSanto Domingo :
_bCentenario,
_c2004.
300 _a143 p. :
_bil. ;
_c22 cm.
500 _aIncluye datos biográficos del autor en la solapa de la cubierta.
505 0 _tEnsayo sobre el haiku --
_tPoemas del silencio.
590 _aInventariado, 2018/BT
650 0 _aPoesía dominicana
_966
650 0 _aEnsayos dominicanos
_965
650 0 _aLiteratura dominicana.
_967
910 _aValidado. Control de calidad. EMS
999 _c9681
_d9681